000 00627nam a22002537a 4500
003 UA-OsUOA
001 101770
007 ta
008 20130812b un ||||| |||| 00| 0 ukr d
100 _aБрегеда А. Ю.
090 _a32(075.8)
_bБ87
942 _cBK
040 _aUA-OsUOA
_bukr
_cUA-OsUOA
_dUA-OsUOA
245 _aОснови політології
_bнавч. посібник
300 _a324 с.
955 _a2
041 _aukr
080 _a32(075.8)
020 _a966-574-070-9
260 _aКиїв
_bКНЕУ
_c1997
044 _aUA
650 7 _a32 Політика
_2UDC
999 _c387523
_d387523